Case study research methods.

保存先:
書誌詳細
第一著者: Gillham, Bill (著者)
フォーマット: 不明
出版事項: London, United Kingdom: Continuum, 2000.
シリーズ:Real Word Research.
主題:
タグ: タグ追加
タグなし, このレコードへの初めてのタグを付けませんか!

MARC

LEADER 00000 a2200000 4500
003 CL-VaPUC
005 20231108154922.0
008 231024t2000 ||||| |||| 00| 0 eng d
999 |c 442049  |d 442047 
020 |a 9780826447968 
040 |c Pontificia Universidad Católica de Valparaíso 
082 7 |a 001.432 GIL 2000  |2 22 
100 |a Gillham, Bill  |9 885104  |e author  
245 |a Case study research methods.  
260 |a London, United Kingdom:   |b Continuum,  |c 2000. 
300 |a 106 páginas.  
490 |a Real Word Research. 
583 |k GC  |c 20231024 
650 0 |a Investigación  |9 883899  |x Metodología  |v Estudio de casos  
942 |2 ddc  |c BK 
952 |0 0  |1 0  |2 ddc  |4 0  |6 001_432000000000000_GIL_2000  |7 0  |8 A  |9 592095  |a BIBMAT  |b BIBMAT  |c E_DIDACT  |d 2023-10-23  |e 1  |g 115549.00  |i 5659132  |l 1  |o 001.432 GIL 2000  |p 5659132  |r 2025-01-07  |s 2023-12-05  |t 1  |v 115549.00  |w 2023-10-23  |y BK  |k DDM